Հոբելյանական ժողովածու = (Record no. 527080)
[ view plain ]
| 000 -LEADER | |
|---|---|
| fixed length control field | 01275nam a2200265 a 4500 |
| 001 - CONTROL NUMBER | |
| control field | 1704596 |
| 003 - CONTROL NUMBER IDENTIFIER | |
| control field | AM-YEHGA |
| 005 - DATE AND TIME OF LATEST TRANSACTION | |
| control field | 20250618080113.0 |
| 008 - FIXED-LENGTH DATA ELEMENTS--GENERAL INFORMATION | |
| fixed length control field | 200923s2019 gs o|||gr|||||||||1|arm|d |
| 020 ## - INTERNATIONAL STANDARD BOOK NUMBER | |
| International Standard Book Number | 9789941965463 |
| 040 ## - CATALOGING SOURCE | |
| Original cataloging agency | AM-YeHGA |
| 041 0# - LANGUAGE CODE | |
| Language code of text/sound track or separate title | arm |
| -- | geo |
| 090 ## - LOCALLY ASSIGNED LC-TYPE CALL NUMBER (OCLC); LOCAL CALL NUMBER (RLIN) | |
| -- | 565051 |
| 100 1# - MAIN ENTRY--PERSONAL NAME | |
| Personal name | Թումանյան, Հովհաննես Թադևոսի, |
| Dates associated with a name | 1869-1923 |
| 9 (RLIN) | 1108 |
| 245 10 - TITLE STATEMENT | |
| Title | Հոբելյանական ժողովածու = |
| Remainder of title | საიუბილეო კრებული / |
| Statement of responsibility, etc. | Հ.Թ. Թումանյան ; Խմբագիր՝ Է. Ախտյան (հայերեն), Մ. Գորգիշվիլի (վրացերեն) ; Հայ առաքելական ուղղափառ սուրբ եկեղեցու վիրահայոց թեմ. |
| 246 11 - VARYING FORM OF TITLE | |
| Title proper/short title | საიუბილეო კრებული |
| 260 ## - PUBLICATION, DISTRIBUTION, ETC. | |
| Place of publication, distribution, etc. | [Թբիլիսի] : |
| Name of publisher, distributor, etc. | «Մերանի» հրատ., |
| Date of publication, distribution, etc. | 2019. |
| 300 ## - PHYSICAL DESCRIPTION | |
| Extent | 241 էջ : |
| Other physical details | լուսանկար, |
| Dimensions | 20 սմ. |
| 500 ## - GENERAL NOTE | |
| General note | Նվիրվում է Հովհ. Թումանյանի 150-ամյակին: |
| 650 #4 - SUBJECT ADDED ENTRY--TOPICAL TERM | |
| Topical term or geographic name entry element | Հայ պոեզիա |
| 700 1# - ADDED ENTRY--PERSONAL NAME | |
| Personal name | Ախտյան, Է. |
| Relator term | խմբ. |
| Relationship | edt |
| 700 1# - ADDED ENTRY--PERSONAL NAME | |
| Personal name | Գորգիշվիլի, Մ. |
| Relator term | խմբ. |
| Relationship | edt |
| 710 2# - ADDED ENTRY--CORPORATE NAME | |
| Corporate name or jurisdiction name as entry element | Հայ առաքելական ուղղափառ սուրբ եկեղեցու վիրահայոց թեմ |
| 942 ## - ADDED ENTRY ELEMENTS (KOHA) | |
| Source of classification or shelving scheme | Universal Decimal Classification |
| Koha item type | Գրքեր / Books |
| Withdrawn status | Lost status | Source of classification or shelving scheme | Damaged status | Not for loan | Collection | Home library | Current library | Date acquired | Total checkouts | Full call number | Barcode | Date last seen | Price effective from | Koha item type | Public note |
|---|---|---|---|---|---|---|---|---|---|---|---|---|---|---|---|
| Universal Decimal Classification | General | Fundamental Scientific Library | Fundamental Scientific Library | 21/02/2023 | AII/109541 | FL0678267 | 21/02/2023 | 21/02/2023 | Գրքեր / Books | 30 Days Loan |
ՀՀ Գիտությունների ազգային ակադեմիայի հիմնարար գիտական գրադարան = Fundamental Scientific Library of NAS RA
All site content, except where otherwise noted, is licensed under a